| 000 | 01162cam a2200289 4500 | ||
|---|---|---|---|
| 001 | M2064 | ||
| 008 | 090401t1995 xxu||||| |||| 00| 0 eng d | ||
| 035 | _a(Sirsi) u36298 | ||
| 041 | _aeng | ||
| 050 | _a346.41032 | ||
| 090 | _aRICS 1995/125ABCD | ||
| 110 |
_aRoyal Institution of Chartered Surveyors _94900 |
||
| 245 | _aJoint and several liability : a paper by the Royal Institution of Chartered Surveyors for the Law Commission. | ||
| 260 |
_aLondon _bRICS _c1995 |
||
| 300 | _a9,6,17p. ; 30cm. | ||
| 350 | _a0 | ||
| 520 | _aConsists of `Joint and Several Liability : a paper by the RICS for the Law Commission`, `Latent Defects Liability and Build Insurance : a consultation paper issued by the DOE, comments by the RICS` and `Professional Indemnity Insurance : the notification of valuation claims`. | ||
| 650 | _aJOINT AND SEVERAL LIABILITY | ||
| 650 | _aLATENT DEFECTS LIABILITY | ||
| 650 | _aLAW COMMISSION | ||
| 650 | _aPROFESSIONAL INDEMNITY INSURANCE | ||
| 650 | _aPROFESSIONAL LIABILITY | ||
| 650 | _aSTANDARDS AND PRACTICE | ||
| 690 | _aMANAGEMENT-BUSINESS MANAGEMENT-PROFESSIONAL PRACTICE | ||
| 942 | _n0 | ||
| 948 | _c04/03/1997 | ||
| 999 |
_c90243 _d90243 |
||